Normal view
MARC view
- تحرير ومراجعة عبدالخالق، غسان إسماعيل
Entry Personal Name
001 - CONTROL NUMBER
- control field: 50044
003 - CONTROL NUMBER IDENTIFIER
- control field: JO-AjAnu
005 - DATE AND TIME OF LATEST TRANSACTION
- control field: 20230606082237.0
008 - FIXED-LENGTH DATA ELEMENTS
- fixed length control field: 230606|| aca||aabn | a|a d
040 ## - CATALOGING SOURCE
- Original cataloging agency: JO-AjAnu
- Transcribing agency: JO-AjAnu
100 ## - HEADING--PERSONAL NAME
- Personal name: تحرير ومراجعة عبدالخالق، غسان إسماعيل
670 ## - SOURCE DATA FOUND
- Source citation: Work cat.: (JO-AjAnu)25587: تحرير ومراجعة عبدالخالق، غسان إسماعيل, author, القصة القصيرة في الوقت الراهن: أعمال مؤتمر جمعية النقاد الأردنيين الخامس 16-18 آب